טוען...

Chaucer and his England /

מידע ביבליוגרפי
מחבר ראשי: Coulton, G. G.
פורמט: Printed Book
שפה:English
יצא לאור: Methuen & Co., 1970.
LEADER 00346nam a2200109Ia 4500
008 150624b xxu||||| |||| 00| 0 eng d
100 |a Coulton, G. G. 
245 |a Chaucer and his England /  |c G. G. Coulton 
260 |b Methuen & Co.,  |c 1970. 
942 |c BK 
999 |c 3772  |d 3772 
952 |0 1  |1 0  |4 0  |7 0  |9 3771  |a UL  |b UL  |c ST1  |d 1998-08-27  |l 0  |p 7463  |r 2012-10-27  |w 2012-10-27  |y BK